¿Estamos preparados? La gestin̤ de la comunicacin̤ de crisis en la Administracin̤ Pb︢lica espaǫla

Detalles Bibliográficos
Autor principal: Crespo, Ismael
Otros Autores: Medina, Rosa Mara̕
Formato: eBook
Lenguaje:español
Publicado: Madrid: Instituto Nacional de Administracin̤ Pb︢lica (INAP), 2017
Materias:
Acceso en línea:Acceso restringido

MARC

LEADER 00000nam a22000007a 4500
005 20180319231028.0
007 cr|||| ||||
008 180319s2017 es |||||s|||| 00||0 spa d
020 |a 978-84-7351-570-2 
035 |a 21089 
040 |a vLex 
090 |c 7490  |d 7490 
100 1 |a Crespo, Ismael 
245 1 0 |a ¿Estamos preparados? La gestin̤ de la comunicacin̤ de crisis en la Administracin̤ Pb︢lica espaǫla  |h [Recurso electrn̤ico] /  |c Ismael Crespo, Rosa Mara̕ Medina 
256 |a Servicio en ln̕ea 
260 |a Madrid:  |b Instituto Nacional de Administracin̤ Pb︢lica (INAP),  |c 2017 
300 |a 1 recurso electrn̤ico 
506 1 |a Disponible solo en los productos indicados  |d vLex Global  |d vLex Global (Academic Edition, excluding Law Schools)  |d vLex Global (U.S. Academic Edition, Law Schools)  |d vLex Global (U.S. Academic Edition, excluding Law Schools)  |d vLex Global (Academic Edition, Law Schools) 
650 0 4 |a Derecho Pb︢lico y Administrativo  |z Espaą 
700 1 |a Medina, Rosa Mara̕ 
740 0 |a vLex Libros (Servicio en ln̕ea) 
856 4 0 |u http://vlex.com/source/estamos-preparados-21089  |z Acceso restringido 
942 |c BOOK 
999 0 |a Public and Administrative Law